Ładuje się......
Power shift
| 1. autor: | |
|---|---|
| Format: | Printed Book |
| Język: | English |
| Wydane: |
New york
Bantam
1990
|
| Wydanie: | 1st ed |
| Hasła przedmiotowe: |
| LEADER | 00526nam a22001817a 4500 | ||
|---|---|---|---|
| 005 | 20151215130135.0 | ||
| 008 | 100311t xxu||||| |||| 00| 0 eng d | ||
| 082 | |a 330.4 |b TOF | ||
| 100 | |a Toffler, Alvin |9 2274 | ||
| 245 | |a Power shift | ||
| 250 | |a 1st ed | ||
| 300 | |a 601p. | ||
| 653 | |a Global Gladiators | ||
| 942 | |c BK |6 _ | ||
| 260 | |b Bantam |c 1990 |a New york | ||
| 500 | |a VOL:1 | ||
| 999 | |c 112060 |d 112060 | ||
| 952 | |0 0 |1 0 |2 ddc |4 0 |6 3304_TOF |7 0 |9 145573 |a SMS |b SMS |c GEN |d 2010-03-11 |g 0.00 |o 330.4 TOF |p SMS017199 |r 2010-03-11 |w 2010-03-11 |y BK | ||